[Event "Interzonal-16"]
[Site "Biel"]
[Date "1993.??.??"]
[Round "4"]
[White "Gurevich, Dmitry"]
[Black "Ivanchuk, Vassily"]
[Result "1/2-1/2"]
[WhiteElo "2575"]
[BlackElo "2705"]
[Annotator "Knaak,R"]
[PlyCount "98"]
[EventDate "1993.07.16"]
[EventType "swiss"]
[EventRounds "13"]
[EventCountry "SUI"]
[SourceTitle "CBM 037"]
[Source "ChessBase"]
[SourceDate "1993.12.01"]
[SourceVersion "1"]
[SourceVersionDate "1993.12.01"]
[SourceQuality "1"]

1. e4 e6 2. d4 d5 3. exd5 exd5 4. Nf3 Nf6 5. Bd3 Bd6 6. O-O O-O 7. Bg5 Bg4 8.
c3 Nbd7 9. Nbd2 c5 $6 {N} (9... c6 $10) 10. Qc2 h6 $6 (10... Qb6 $5 {/\ Bh5-g6}
) 11. dxc5 $1 Nxc5 12. Bh4 $14 Re8 13. Bb5 $6 (13. Rfe1 Be7 $5 {Ivanchuk,V})
13... Bd7 14. Bxd7 Ncxd7 15. Nd4 a6 $6 (15... Qb6 {/\ Qa6 ><a2 Ivanchuk,V}) 16.
Nf5 Bf8 17. Rad1 Qb6 18. Nb3 (18. Nf3 $5 Bc5 19. b4 Bf8 20. Ne3) 18... Re4 $1
19. Bxf6 $2 (19. Bg3 $1 Rae8 20. Ne3 Rxe3 21. fxe3 Ng4 22. h3 $5 Nxe3 23. Bf2
d4 24. Bxe3 dxe3 25. Qe2 $44) 19... Nxf6 20. Ne3 (20. Rxd5 $2 Qe6 $1) 20... Re5
21. Rd3 Rae8 22. Nd4 Bc5 23. g3 h5 $1 24. b4 Bxd4 25. Rxd4 Qe6 $2 (25... Rxe3
$1 26. fxe3 Rxe3 $44 {|^ ><c3 Ivanchuk,V}) 26. Qd3 $10 g6 27. a4 Rc8 28. Rd1
Rc6 29. a5 Kh7 30. Kg2 Qc8 31. c4 dxc4 32. Nxc4 Ree6 33. Nb6 Qc7 34. Qf3 (34.
Nd7 {/\ 34...Kg7 35.Nc5} Rc3 35. Nf8+ $2 Kg8 36. Nxe6 Qc6+) 34... Rc3 35. Rd7
Qxd7 36. Nxd7 Rxf3 37. Kxf3 Rc6 38. Nc5 Rc7 39. Rd4 (39. Rd6 $5 Kg7 40. Ke3)
39... Kg7 40. h3 $6 (40. Rd6 $5) 40... Kf8 $1 $10 41. g4 (41. Rd6 Ke7 42. Rb6
Nd5) 41... hxg4+ 42. hxg4 Ke7 43. g5 Nd7 $1 44. Nxd7 Rxd7 45. Rxd7+ Kxd7 46.
Ke4 Ke6 47. Kd4 Kd6 $1 48. f3 Kc6 49. Ke5 Kd7 1/2-1/2

[Event "RUS-chT 04th"]
[Site "Azov"]
[Date "1996.??.??"]
[Round "2"]
[White "Ovetchkin, Roman"]
[Black "Zhuravlev, Vladimir"]
[Result "1-0"]
[WhiteElo "2375"]
[BlackElo "2350"]
[Annotator "Makarichev,S"]
[PlyCount "41"]
[EventDate "1996.??.??"]
[EventType "team-tourn"]
[EventRounds "7"]
[EventCountry "RUS"]
[SourceTitle "CBM 056 Extra"]
[Source "ChessBase"]
[SourceDate "1997.03.01"]
[SourceVersion "1"]
[SourceVersionDate "1997.03.01"]
[SourceQuality "1"]
[WhiteTeam "Ekaterinburg Agat"]
[BlackTeam "Cherepovets Severstal"]
[WhiteTeamCountry "RUS"]
[BlackTeamCountry "RUS"]

1. e4 e6 2. d4 d5 3. Nc3 Bb4 4. exd5 exd5 5. Bd3 Ne7 $6 (5... Qe7+ $1 $132 {
Portish,L/}) 6. Qh5 $1 $40 c5 7. dxc5 d4 8. a3 Qa5 9. Rb1 (9. axb4 Qxa1 10.
Nce2 {Glek,I-Schmidt,W/Lippstadt/1992/}) 9... dxc3 (9... Bxc5 $2 10. Bb5+ Kf8
11. Qxc5 dxc3 12. b4 Na6 13. Qxe7+ {Georgiev,V-Merant,N/Dujsburg/1992/1:0/13/})
10. axb4 Qa2 $6 (10... Qxb4 $5 11. Ne2 $1 Nd7 (11... cxb2+ 12. Bd2 $16) 12.
Nxc3 Qxc5 13. Qh4 $40 {Rivas Pastor,M-Vargas Garsia,J/Malaga/1991/}) 11. Ne2 $1
Qxb1 12. b3 $1 $16 Be6 13. O-O Nd5 (13... Nbc6 14. Nxc3 Qa1 15. Bd2 Qb2 16. Rb1
Qa3 17. Nb5 Qa2 18. Nd6+ Kf8 19. Qd1 $1 {/\Qc1,Ra1; Bc3,Ra1} a5 (19... Nd5 20.
Nc4 Qa6 (20... Ndxb4 21. Ra1 $18) 21. Ra1 Qb5 22. Nb6 $18) 20. b5 $1 Nb4 (20...
Ne5 21. Be4 a4 22. Bc3 axb3 23. cxb3 $18) 21. Ra1 Qb2 22. Bxb4 $18) 14. Nd4 $1
Nf6 15. Qe2 $1 $18 O-O 16. Bg5 $1 Qb2 17. Bxf6 gxf6 18. Qh5 Rd8 (18... f5 19.
Bxf5 Bxf5 20. Nxf5 $18) 19. Qxh7+ Kf8 20. Nxe6+ fxe6 21. Qh8+ (21. Qh8+ Ke7 22.
Qg7+ Ke8 23. Bg6#) 1-0

[Event "ROM-ch"]
[Site "Olanesti"]
[Date "2018.05.18"]
[Round "5"]
[White "Deac, Bogdan Daniel"]
[Black "Marin, Mihail"]
[Result "1/2-1/2"]
[WhiteElo "2575"]
[BlackElo "2543"]
[Annotator "Marin,M"]
[PlyCount "84"]
[EventDate "2018.05.14"]
[EventType "swiss"]
[EventRounds "9"]
[EventCountry "ROU"]
[SourceTitle "CBM 185"]
[Source "ChessBase"]
[SourceDate "2018.07.13"]
[SourceVersion "1"]
[SourceVersionDate "2018.07.13"]
[SourceQuality "1"]

1. e4 e6 2. d4 d5 3. Bd3 c5 4. exd5 exd5 5. dxc5 {An obvious concession, but
Deac is not the first opponent to allows me to play ...Bxc5 without waste of
time.} ({The critical move is} 5. Nf3 Nf6 ({For some reasons I am not thrilled
about the structure resulting after} 5... c4 6. Be2 Nc6 7. b3 cxb3 8. axb3 Bd6
9. O-O Nge7 {Onischuk,V (2628)-Ali Marandi,C (2476) Gjakova 2016 CBM 173 
[Mekhitarian,K] (1-0, 89)}) 6. O-O Nc6 ({I prefer maintaining the structure
intact even though this implies wasting a tempo with respect to the game line.
Objectively, there is nothing wrong with} 6... c4 {though. In a classical game
between legends White eventually won after} 7. Re1+ Be7 8. Bf1 {Kasparov,G 
(2770)-Kortschnoj,V (2610) Tilburg 1991 CBM 026 [Knaak,R] (1-0, 45), but
objectively there should be no major problems for Black here, either.}) 7. Re1+
({The other way of trying making use of the king's delay in the centre is} 7.
Bg5 cxd4 (7... Be7 8. dxc5 O-O 9. Nc3 {planning to meet 9...Bxc5 with 10.Nxd5!
Qxd5 11.Bxf6 gxf6? 12.Bxh7 may cause some problems:} h6 {Mitbreit,D (2320)
-Kobalia,M (2430) Moscow 1995 (½-½, 20)} 10. Bxf6 Bxf6 11. Nxd5 Bxb2 12. Rb1
Ba3 13. c4 Bxc5 14. Bc2 Ne7 15. Qd3 {and Black has to weaken his kingside with}
f5 $14) 8. Re1+ Be6 9. Nbd2 (9. Bf5 {is best met with} Bb4 10. c3 dxc3 11. Nxc3
O-O 12. Bxe6 fxe6 13. Rxe6 Qd7 14. Re2 Rad8 {for instance} 15. Qd3 h6 16. Bxf6
Rxf6 17. Rd1 Qf7 $11 18. Nxd5 $2 Rfd6 $11) 9... Bc5 10. Nb3 Bb6 11. a4 a6 {
Even if White retrieves the pawn on d4, Black would have a normal version of
the Isolani.}) 7... Be7 8. dxc5 O-O 9. Nbd2 (9. Be3 {fails to keep the extra
pawn.} Ng4 10. Qd2 Nxe3 11. Qxe3 {Angyan,G (1993)-Kuenitz,K (1820) Benidorm
2006 (½-½, 34)} Qa5 12. Nc3 Bxc5 13. Qf4 {White has gained some activity but
Black has more than one way to maintain equality. The best way of avoiding any
coplications arising after Bxh7+ or Ng5 is} h6 14. Nxd5 Bxf2+ 15. Kxf2 Qxd5 $11
) (9. h3 Bxc5 10. Nc3 a6 11. Bg5 h6 12. Bh4 Be6 13. a3 Re8 14. Qd2 {Thesing,M 
(2437)-Poldauf,D (2404) Germany 2003 (½-½, 68)} Be7 $11) 9... Bxc5 10. Nb3
Bb6 $5 ({During the game I found this more active than} 10... Bd6 {when after}
11. h3 {Black does not have any active plan and needs to start simplifying with
} h6 12. Nbd4 Bd7 13. c3 Re8 14. Rxe8+ Qxe8 15. Be3 Qe7 16. Qc2 Re8 $11) 11. h3
Ne4 12. Be3 (12. Bxe4 dxe4 13. Qxd8 Rxd8 14. Rxe4 Bf5 15. Re2 Nb4 16. Ne1 Re8 {
retrieves the pawn soon while keeping the bishop pair.}) 12... Bf5 13. Nbd4 ({
During the game I considered this premature, but little is changed after} 13.
c3 Bg6 14. Qc2 Rc8 $11) 13... Bg6 14. c3 (14. Nxc6 bxc6 15. Ne5 Re8 16. Nxg6
hxg6 17. Bxb6 Qxb6 18. Bxe4 dxe4 19. b3 Rad8 $11) 14... Re8 15. Qc2 Rc8 (15...
Qf6 $5) 16. Nxc6 bxc6 17. Nd2 Nxd2 $11 {½-½ Colovic,A (2432)-Marin,M (2544)
10th Porto Mannu Open 2018}) 5... Bxc5 6. Nf3 Nf6 7. O-O O-O 8. Nc3 {Trying to
give play independent character with respect to the 3.Nd2 c5 system.} (8. Nbd2
Nc6 9. Nb3 Bb6 10. c3 Bg4 {offered Black active play, eventually resulting in
a beautiful game prize!} 11. Be2 Re8 $1 12. Nbd4 (12. Nfd4 Rxe2 $1) (12. Bg5
Qd6 13. Bh4 Ne4 $17) 12... Nxd4 13. Nxd4 $2 (13. cxd4 Qd6 $15) 13... Rxe2 $1
14. Nxe2 (14. f3 Qe7 15. fxg4 Qe4 16. Rf2 Re1+) 14... Qe7 15. Re1 (15. Be3 Bxe3
16. fxe3 Qxe3+ 17. Rf2 Ne4 18. Qd4 Qxf2+ 19. Qxf2 Nxf2 20. Kxf2 Bxe2 21. Kxe2
f6 $17) 15... Re8 $19 {Baches Garcia,G (2389)-Marin,M (2548) Erts 2012 (0-1,
28)}) (8. Bg5 Nc6 9. Nbd2 h6 10. Bh4 g5 11. Bg3 Nh5 12. Nb3 Nxg3 13. hxg3 Bb6
$11 {Ameir,M (2290)-Abdel Razik,K (2430) Cairo 2015 (½-½, 39)}) 8... Nc6 9.
Bg5 Be6 ({I did not wish to offer to my young opponent too much activity after
} 9... h6 10. Bxf6 Qxf6 11. Nxd5 Qxb2 12. Rb1 Qxa2 {, even though objectively
Black may be OK.}) 10. Qd2 Re8 ({Once again, I opted for safety at this stage
of the game. I calculated} 10... h6 11. Bxh6 gxh6 12. Qxh6 Re8 13. Ng5 Bf8 14.
Bh7+ Kh8 15. Qh4 Kg7 {concluding that Black should not have problems, but with
the king exposed things could turn irrational at the least expected moment.})
11. a3 {Probably intended as a measure against ...d5-d4 after the planned Rfe1.
} (11. Rfe1 {was in fact possible as} d4 $2 {leads to trouble after} 12. Bxf6
Qxf6 13. Ne4 $16 {But White may need to play a2-a3 slightly later anyway and,
besides, the last move also avoids ...Bb4.}) ({In any case, after} 11. Rfe1 {
Black can continue with the same plan as in the game:} h6 12. Bh4 Be7 (12... d4
13. Bxf6 Qxf6 14. Ne4 Qe7 $11 {is already playable as g5 is defended.}) 13.
Rad1 Qb6) 11... h6 12. Bh4 ({I double checked the bishop sacrifice, which does
not work at all now:} 12. Bxh6 gxh6 13. Qxh6 Bf8 14. Qg5+ Bg7 $17) 12... Be7
13. Rfe1 a6 14. Rad1 Qb6 15. Qc1 Rad8 $11 {Both sides have completed their
development, but Black's regrouping is more harmonious, while the d5-pawn is
easy to defend.} 16. h3 Rd7 (16... Nh5 17. Bxe7 Rxe7 $11) 17. Rd2 {The last
few moves have not improved White's chances for anything concrete, as his
regrouping is unnatural now.} Nh5 18. Rxe6 {To tell the truth I overlooked
this, but I soon understood that with the queen passive on c1 it should not
work too well.} (18. Bxe7 Rdxe7 $11 19. Rde2 $6 Qc7 $15) 18... fxe6 19. Bg6 Rf8
{As strange as it may seem, White's pieces are hanging to no lesser extent
than Black's The mutual blows should lead to equality but my young opponent
soon lost the thread.} 20. Bxh5 (20. Bxe7 Rxf3 21. Bxh5 Rxc3 (21... Rf5 22. Bg4
Nxe7 23. Bxf5 Nxf5 $11) 22. bxc3 Rxe7 $11) 20... Rxf3 21. Na4 (21. Bxe7 {
would have transposed to one of the lines above.}) 21... Qa5 22. Bxf3 $2 {
A serious mistake, leaving Black with a monstrous bishop.} (22. Bxe7 Rf5 23.
Bg4 Re5 $5 24. Bh4 Qxa4 25. Bg3 Re7 26. Bxe5 Nxe5 $11) 22... Bxh4 23. Nc3 Re7 (
23... Bg5 24. Qe1 $15) ({The strongest move was} 23... Ne5 $1 {leaving White
hepless against the threat of spoiling the kingside structure with ...Nxf3+,
for instance} 24. Qd1 (24. Be2 Bg5 $19) 24... Rf7 25. Bh5 g6 26. Bg4 Qb6 $17)
24. Qe1 Bf6 25. Rd1 Bxc3 $6 (25... Qb6 26. Rb1 Ne5 $15) 26. bxc3 Qxa3 27. c4 {
White has got enough counterplay to reach a draw.} Qc5 28. cxd5 exd5 29. Qd2 d4
30. Qd3 (30. Bxc6 Qxc6 31. Qxd4 Qxc2 $17) (30. g3 $5 $44) 30... Qa5 (30... Kh8
$5) 31. Kf1 Qb5 32. Qxb5 axb5 33. Bxc6 bxc6 34. Rxd4 {The rest is simple.} Re5
35. c4 Rc5 36. cxb5 cxb5 37. Ke2 Kf7 38. Rd6 Rc2+ 39. Ke3 Rc3+ 40. Ke4 Rc2 41.
Ke3 Rc3+ 42. Ke4 Rc2 1/2-1/2

[Event "Douglas PokerStars op"]
[Site "Douglas"]
[Date "2014.10.06"]
[Round "3"]
[White "Skripchenko, Almira"]
[Black "Marin, Mihail"]
[Result "0-1"]
[WhiteElo "2429"]
[BlackElo "2583"]
[Annotator "Marin,M"]
[PlyCount "80"]
[EventDate "2014.10.04"]
[EventType "swiss"]
[EventRounds "9"]
[EventCountry "IOM"]
[SourceTitle "CBM 163"]
[Source "ChessBase"]
[SourceDate "2014.11.11"]
[SourceVersion "1"]
[SourceVersionDate "2014.11.11"]
[SourceQuality "1"]

1. e4 e6 2. d4 d5 3. exd5 exd5 4. Nf3 {Over many decades I have flirted with
the idea of taking up the French Defence as an attacking weapon; many of my
friends used to tell me with a grimace: "It is a passive opening and by the
way, how are you going to play for a win after the exchange on d5?" While the
former is a pure matter of taste, the latter bears some truth in it. On the
other hand, giving up the ambitions of fighting for an advantage with White at
such an early stage, at a moment when all the pieces are still on board, is an
important concession. And for Black, in his attempt to turn the initial
advantage around, accomplishing the preliminary, equalising, step after just
three moves, is quite an achievement. I do not have that much experience with
the French in general and with the Exchange Variation in particular, but prior
to this game I had obtained 2.5 out of 3 against 3.exd5! When I noticed during
my morning preparation that Almira plays the Exchange Variation on a regular
basis, I decided to play the French without too much hesitation.} ({As
revealed in the comments to the 5th move, I like playing with the French
Isolani. Therefore, I consider that the most active continuation for White is} 
4. c4 {, even though objectively he does not have reasons to count on an
advantage. When facing it with Black against an experienced, but lower rated
opponent, I felt under certain pressure:} Nf6 5. Nf3 Bb4+ 6. Nc3 O-O 7. Be2
dxc4 8. Bxc4 Re8+ 9. Be3 Be6 10. Bxe6 Rxe6 11. O-O Nbd7 12. Qb3 a5 13. Rfd1
Bxc3 14. bxc3 a4 15. Qb5 Rb6 16. Qf5 Qe8 17. Ne5 Re6 18. Nxd7 Qxd7 19. c4 b6
20. Rac1 {Bruneau,L (2192)-Marin,M (2553) Pau 2013 (1/2-1/2, 41). In principle
Black is OK, but White does not have reason to complain, either. In my attempt
to unbalance the position, I eventually got into trouble.}) 4... Nf6 {I was
around when the following two games were played between strong grandmasters in
which White, needing a draw to qualify, decided to answer 1.d4 e6 with 2.e4 d5
3.exd5 exd5. They both ended badly; freed from the initial pressure, Black
took over the psychological initiative and won.} (4... Bg4 5. h3 Bh5 6. Be2 Bd6
7. Ne5 Bxe2 8. Qxe2 Ne7 9. O-O O-O 10. Bf4 Re8 11. Qg4 Bxe5 12. Bxe5 Ng6 13.
Bg3 Nd7 14. Nd2 Nf6 15. Qf3 c6 16. Qb3 Qb6 17. Qxb6 axb6 18. a3 Ne4 19. Nxe4
Rxe4 20. Rfd1 b5 {with quite a promising ending with a good knight versus a
relatively bad bishop, Gurevich,M (2640)-Short,N (2610) Manila (Izt) 1990 CBM
019 [Knaak,R] (0-1, 42)}) (4... Bd6 5. Bd3 Nc6 6. c3 Bg4 7. O-O Nge7 8. Bg5 Qd7
9. Bh4 O-O-O 10. Nbd2 Rde8 11. Bg3 Bxg3 12. hxg3 h5 {with strong kingside
initiative, Andersson,U (2625)-Rozentalis,E (2600) Tilburg KO (blitz) 1993 
(0-1, 32)}) 5. Bg5 {This is one of Almira's favourite continuations.} ({
She has also played} 5. Bd3 {a few times, but I would have been just too happy
to get my Isolani with:} c5 $5 $132 6. O-O Nc6 (6... c4 {may be a it premature,
as in the following famous game:} 7. Re1+ Be7 8. Bf1 {Kasparov,G (2770)
-Kortschnoj,V (2610) Tilburg 1991 CBM 026 [Knaak,R] (1-0, 45)}) 7. dxc5 $2 {
A huge concession. The bishop will reach c5 without loss of time.} ({When
preparing for my 2012 game, I had cursorily analysed the variation} 7. Re1+ Be7
8. dxc5 O-O 9. Be3 Ng4 10. Qd2 Nxe3 11. Qxe3 Qa5 {and concluded that Black is
doing fine.}) 7... Bxc5 8. Nbd2 (8. Re1+ Be6) 8... O-O 9. Nb3 Bb6 10. c3 Bg4
11. Be2 Re8 {Black has fantastic development. He not only is a tempo up with
respect to the 3.Nd2 c5 4.exd5 exd5 system, but has also managed to develop
his king's knight to f6, rather than e7.} 12. Nbd4 (12. Nfd4 Rxe2 $1) (12. Bg5
Qd6 13. Bh4 Ne4 $17) 12... Nxd4 13. Nxd4 $2 (13. cxd4 Qd6 $15) 13... Rxe2 $1
14. Nxe2 (14. f3 Qe7 15. fxg4 Qe4 16. Rf2 Re1+) 14... Qe7 15. Re1 (15. Be3 Bxe3
16. fxe3 Qxe3+ 17. Rf2 Ne4 18. Qd4 Qxf2+ 19. Qxf2 Nxf2 20. Kxf2 Bxe2 21. Kxe2
f6 $17) 15... Re8 $19 {Baches Garcia,G (2389)-Marin,M (2548) Erts La Massana
2012 (0-1, 28). The game won the tournament's beauty prize, something hard to
anticipate after the first three moves!}) 5... Be6 $5 {When playing this rare
move, I was inspired by a game played by Almira ten years ago. Black breaks
the piece symmetry at the first sensible occasion and intends getting the
bishop pair with ...h6, ...g5 and ...Nh5.} ({If Black prefers playing safely,
the popular} 5... Be7 {is quite OK. The following game was played via the
Petroff 5.d3 Nf6 6.d4 d5 move order:} 6. Bd3 O-O 7. O-O Bg4 8. Nbd2 Nbd7 9. c3
c6 10. Qc2 h6 11. Bf4 Nh5 12. Be5 Nxe5 13. dxe5 Nf4 $132 {Grischuk,A (2785)
-Dominguez Perez,L (2757) Elancourt 2013 CBM 157 [ChessBase Website] (1/2-1/2,
30)}) 6. Nbd2 Nbd7 7. Bd3 h6 8. Bh4 g5 9. Bg3 Nh5 10. Qe2 $146 {During the
game I had the feeling that Almira had done some preparation after her old
game, but her last move does not change the character of the position
radically.} (10. c3 Bg7 11. Qc2 Nxg3 12. hxg3 Qf6 13. Nf1 O-O-O 14. Ne3 Kb8 15.
Bf5 h5 $15 {Skripchenko (2460)-Vaganian (2623) Germany 2004}) 10... Nxg3 11.
fxg3 $5 {[%csl Rf5][%cal Gh1f1,Gf1f7] <->f White opens the f-file in order to
try taking advantage of the weakness of the f5-square.} Bg7 {In principle,
Black would like to castle long, but it is better to keep some mystery with
respect to the final decision.} 12. O-O $6 {Almira played this after a long
period of thought. I thought that White should prepare a plan based on c2-c3,
Nd2-b3c5, dxc5 and Nd4, but this seems not so easy to implement.} (12. Nb3 c5
$1) (12. Qf2 Qe7 13. O-O O-O-O 14. Nb3 Kb8 15. c3 Qd6 16. Nc5 Nxc5 17. dxc5 Qc6
18. Rac1 g4 $1 19. Nh4 h5 20. Nf5 Bxf5 21. Bxf5 d4 $17) ({It is probably best
to prepare a slower attack with} 12. c3 Qe7 13. O-O O-O-O 14. b4 Kb8 15. Nb3
Rde8 16. Nc5 Nxc5 17. bxc5 Bc8 18. Qc2 c6 $13 {Strategically, Black is doing
great, but due to the castling on opposite sides the position remains sharp.})
12... g4 13. Nh4 {The most principled continuation. White sacrifices a pawn
for the initiative. It will turn out that Black should be in time to complete
his development with at least some advantage.} (13. Ne5 Nxe5 14. dxe5 Qg5 15.
Rae1 O-O 16. c3 c5 $15) 13... Bxd4+ 14. Kh1 Qg5 15. Ng6 (15. Bf5 O-O-O 16. Bxe6
fxe6 {[%csl Rd2] XNd2}) (15. Nf5 Bxb2 16. Rab1 Bc3 {[%csl Rd2]}) 15... Rg8 16.
Nb3 (16. Nf4 Qe5 17. Rae1 O-O-O 18. c3 Qxe2 19. Rxe2 Be5 $15) 16... Bb6 ({
I thought that there was no need for such radical measures as} 16... Bxb2 $5
17. Rab1 Bc3 18. Nf4 Qe5 19. Qf2 Rf8 $15) 17. Nf4 Qe5 {I thought this to be a
very strong move, but later I found out that I had over-estimated it a bit.} ({
I was not entirely happy with the position arising after} 17... O-O-O 18. a4 a5
(18... a6 19. a5 Ba7 20. Bxa6 $1 bxa6 $2 21. Qxa6+ Kb8 22. Qb5+ Kc8 23. a6 Nb6
24. Qc6 $18) 19. Nxe6 (19. Qe1 Qe5) (19. Qd2 Ne5 20. Nxa5 $2 Nc4 $1 $19) 19...
fxe6 20. Qxe6 Rde8 21. Qf5 {True, Black has the better structure, but his
kingside pawns risk becoming weak. Moreover, the opposite-coloured bishops in
a simplified position would increase the probability of a draw.}) 18. Qd1 $2 ({
As it many times happens, the best move is a developing move:} 18. Rae1 $1 Qxe2
({During the game I thought that} 18... Rg5 {would parry all the threats, but
My calculations were flawed:} 19. Nxe6 fxe6 20. Qd2 Qd6 21. Qf4 $3 {[%csl Re6,
Rg5][%cal Gd6f4,Gg3f4] Quite a nice move. If 21...Qxf4 22.gxf4 White retrieves
the pawn with initiative.} Qe7 22. Nd4 Bxd4 23. Qxd4 O-O-O 24. Qxa7 c6 25. b4
$36) 19. Rxe2 O-O-O 20. Nxe6 fxe6 21. Rxe6 h5 22. Bf5 $11) 18... O-O-O $17 {
Black has the bishop pair an extra pawn and is better developed already! With
a bit of care, the game should be won.} 19. a4 a6 20. a5 Ba7 21. c3 Nf6 22. Nd4
$5 Bd7 (22... Bxd4 23. cxd4 Qxd4 24. Bxa6 Qxd1 25. Raxd1 bxa6 26. Nxe6 fxe6 27.
Rxf6 Kd7 28. Rxh6 Rb8 $17) 23. Qc2 Ne4 24. Rad1 (24. Nxd5 Nxg3+ 25. hxg3 $1
Qxd5 $19) 24... c5 25. Nde2 Bc6 26. b4 cxb4 (26... c4 27. Bxe4 dxe4 $17) 27.
cxb4 Rd6 (27... Kb8 28. Bxa6 Rc8 29. Bd3 Nf2+ 30. Rxf2 Bxf2 31. Qb1 b5 $5 32.
axb6 Bxb6 33. b5 Bb7 $17) 28. Nc1 (28. b5 axb5 29. Bxb5 Kb8 30. Nd3 (30. Bxc6
Rxc6 31. Qb3 Nf2+ 32. Rxf2 Bxf2 $17) 30... Qe8 31. Bxc6 Qxc6 $17) 28... Rg5 $5
29. Bxe4 (29. b5 axb5 30. Bxb5 Nxg3+ $1 31. hxg3 Qxf4 $1 $19) 29... dxe4 30.
Nb3 e3 31. Rc1 Rf5 $5 {XNf4, /^b1-h7} 32. Rfe1 h5 $19 {/\...h4} 33. Nd3 Qe4 34.
Nf4 Qxc2 35. Rxc2 h4 36. Nc5 Rd2 37. Rc4 h3 38. Ne4 $138 Rxf4 $1 39. gxf4 hxg2+
40. Kg1 Rd1 $1 (40... e2+ 41. Kxg2 Rd1 $1 42. Rxe2 $6 Rg1#) (40... Rd1 41. Rc1
(41. Rxd1 e2+ 42. Kxg2 exd1=Q) 41... Rxe1+ 42. Rxe1 Bxe4 $19) 0-1